Ministro Milton Luiz Pereira : (Record no. 1153)

MARC details
000 -LÍDER
Campo Fixo de Controle 00686nam a2200217 a 4500
001 - NÚMERO DE CONTROLE
Campo de Controle 1153
003 - IDENTIFICAÇÃO DO NÚMERO DE CONTROLE
Campo de Controle BR-CuiBMT
005 - DATA E HORA DA ÚLTIMA ATUALIZAÇÃO
Campo de Controle 20231129233805.0
008 - DADOS FIXOS
Dados Fixos 231129s2013 dfba 000 0 por d
020 ## - INTERNATIONAL STANDARD BOOK NUMBER
Nº do ISBN 9788582960042
040 ## - AGÊNCIA CATALOGADORA
Código da Agência Catalogadora BR-CuiBMT
Agência que transcreveu o registro BR-CuiBMT
080 ## - Nº DA CLASSIFICAÇÃO DECIMAL UNIVERSAL
Nº Class. CDU 340.12-051
Subd. Auxiliar Comum (091
Nº edição CDU 2007
090 ## - NÚMERO DE CHAMADA
Nº classificação 340.12-051(091)
Cutter M665
245 ## - TÍTULO PRINCIPAL
Título principal Ministro Milton Luiz Pereira :
Subtítulo narrativas de uma trajetória exemplar /
Indicação de responsabilidade Centro de estudos judiciários.
260 ## - PUBLICAÇÃO, DISTRIBUIÇÃO, ETC.
Local de publicação Brasília :
Editora CJF,
Data 2013.
300 ## - DESCRIÇÃO FÍSICA
N. páginas ou volumes 296 p. :
Ilustrações il. ;
Dimensões 22 cm
650 ## - ASSUNTO TÓPICO
Cabeçalho tópico ou nome geográfico Jurista
Subdivisão de forma Biografia
650 ## - ASSUNTO TÓPICO
Cabeçalho tópico ou nome geográfico Pereira, Milton Luiz, 1932-Biografia
710 ## - ENTRADA SECUNDÁRIA -- ENTIDADE
Nome da entidade ou lugar Brasil.
Unidade subordinada Conselho da Justiça Federal
942 ## - ELEMENTOS DE ENTRADA ADICIONAIS (KOHA)
Fonte de classificação ou esquema de arquivamento Classificação Decimal Universal
Tipo de item do Koha Livros
Holdings
Estado: removido Estado: perdido Fonte de classificação ou esquema de arquivamento Estado: danificado Indisponível para empréstimo Localização permanente Localização atual Data de aquisição Total Checkouts Número de Chamada completo Código de barras Date last seen Número do exemplar Preço efetivo a partir de Tipo de item (Koha)
    Classificação Decimal Universal     Biblioteca da Escola Superior de Contas do TCE/MT Biblioteca da Escola Superior de Contas do TCE/MT 29/11/2023   340.12-051(091) M665 BIBTCEMT23111348 29/11/2023 Ex. 1 29/11/2023 Livros

Powered by Koha